NBA/NFL size - Statistics

General Stats
  • This quiz has been taken 5 times
  • The average score is 5 of 11
Answer Stats
Hint Answer % Correct
nba lebron james
100%
nba Victor Wembanyama
67%
nfl Chris jones
33%
nfl Darnell washington
33%
nba Giannis Antetokounmpo
33%
nfl Josh allen
33%
nba Karl malone
33%
nfl Lamar jackson
33%
nfl Myles Garret
33%
nba shaq
33%
nba wilt chamberlain
33%
No matching quizzes found
Score Distribution
Percent of People with Each Score
Percentile by Number Answered
Your Score History
You have not taken this quiz